[Event "51st GM 2018"]
[Site "Biel SUI"]
[Date "2018.07.24"]
[Round "3.2"]
[White "Mamedyarov, Shakhriyar"]
[Black "Vachier Lagrave, Maxime"]
[Result "1-0"]
[WhiteElo "2801"]
[BlackElo "2779"]
[EventDate "2018.07.22"]
[Annotator "Bojkov,Dejan"]
[PlyCount "63"]
[Beauty "8249424220167"]
[EventType "swiss"]
[EventRounds "10"]
[EventCountry "SUI"]

1.Nf3 c5 2.c4 Nc6 3.Nc3 e5 4.e3 Nf6 5.d4 e4 6.Ne5 ( {Earlier this year the French GM held the world champion after} 6.d5 exf3 7.dxc6 fxg2 8.cxd7+ Bxd7 9.Bxg2 g6 10.b3 Bg7 11.Qd6 Qb6 12.Qxb6 axb6 13.Bb2 Bc6 14.O-O Ke7 15.Nd5+ Bxd5 16.cxd5 Rhg8 {Carlsen,M (2843)-Vachier Lagrave,M (2789), Grenke/ Baden-Baden 2018 which I annotated as well.} ) 6...g6 7.g4 {Vachier-Lagrave remembered that he had looked at this move in the past and thought that leads to rich play, but could not remember much of his analyzes during the game.} 7...h6 8.Bg2 Bg7 9.h3 $1 {The novelty. The idea is to keep all the options open. It certainly poses a ton of practical problems for both the players.} ( 9.h4 cxd4 10.exd4 d5 11.g5 hxg5 12.hxg5 Rxh1+ 13.Bxh1 Nh5 14.cxd5 Nxe5 15.dxe5 Bxe5 16.Qa4+ Kf8 17.Qxe4 Qe7 {was the sharp course of the game Movsesian,S (2699) -Ponomariov,R (2743) Khanty-Mansiysk 2013} ) 9...Qe7 ( 9...O-O ) 10.b3 $1 cxd4 ( {Mamedyarov revealed one of his key ideas in the post mortem. If} 10...Nb4 11.a3 Na6 {with the strong threat d7-d6 White prepared the fantastic:} 12.O-O $1 d6 13.f4 $1 O-O 14.Ra2 $1 {Followed by Ra2-f2 with an attack for the piece. "Computer says 0.00 but I like it."} ) ( {The capture of the central pawn} 10...Nxe5 11.dxe5 Qxe5 12.Bb2 O-O 13.Rb1 Qe7 14.h4 {leads to bad position according to Mamedyarov.} ) ( {Vachier-Lagrave did not consider} 10...d6 {seriously as it loses a tempo. White is better after} 11.Nxc6 bxc6 12.Qc2 ( {Or} 12.O-O ) ) ( 10...Nd8 11.O-O d6 12.f4 {would be similar as the last line.} ) 11.exd4 Nxe5 12.dxe5 Qxe5 13.Bb2 d5 ( {On} 13...O-O {Black did not like} 14.Qd2 {For example} 14...Re8 ( {And} 14...e3 15.Qxe3 Qxe3+ 16.fxe3 {leads to clear edge for White in the endgame.} ) 15.Nd5 {when the queen sacrifice is forced} 15...Qxb2 16.Qxb2 Nxd5 17.Qc1 Bxa1 18.Qxa1 Nf4 19.O-O {but not as sound as Carlsen's sacrifice against Navara.} ) 14.Qe2 $1 {MVL had missed this.} ( 14.Qd2 {can be met with} 14...dxc4 15.Nxe4 Qe6 16.O-O Nxe4 17.Bxe4 O-O ) 14...Qe7 ( {After} 14...d4 15.Nb5 ( 15.Nxe4 {(Mamedyarov) is also good as the d4 pawn will soon disappear from the board.} ) 15...O-O 16.Bxd4 Qf4 17.Qe3 {(MVL) Black is in very bad shape.} ) ( {Here} 14...dxc4 $2 {drops a piece due to the pin} 15.Nxe4 Qe6 16.Nxf6+ ) 15.cxd5 O-O 16.O-O {Simple and good. The e4-pawn went too far and White will win it in the coming moves.} ( {Mamedyarov also considered the long castle-} 16.O-O-O Qd6 ( 16...Bd7 ) ) 16...Re8 ( {After the game Vachier-Lagrave regretted that he did not follow his original intention:} 16...b6 17.Nxe4 Nxe4 18.Bxg7 Kxg7 19.Qxe4 Qxe4 20.Bxe4 Bb7 {with chances to defend despite the pawn deficit.} ) ( 16...b6 17.Rad1 $5 {(MVL) intending d5-d6 is also strong for White.} ) 17.Rfe1 Bd7 ( {This was the last chance for} 17...b6 {when the forced line leads to a rook endgame:} 18.Nxe4 Nxe4 19.Bxg7 Kxg7 20.Qxe4 Qxe4 21.Rxe4 Bb7 ( 21...Rxe4 22.Bxe4 Bb7 23.Rc1 Rd8 24.Rc7 Bxd5 25.Bxd5 Rxd5 26.Rxa7 {which players were inclined to consider more lost than draw for Black.} ) 22.Rd4 ) 18.Nxe4 Nxe4 19.Bxg7 Kxg7 20.Qxe4 Qxe4 ( {Black could not find way to improve his pieces after} 20...Qf6 21.Qf3 ) 21.Bxe4 h5 {"A terrible move, based on oversight" (MVL)} ( {Black should have defended with} 21...b6 22.d6 Rac8 23.Bb7 Rcd8 ( {Or} 23...Rc2 24.Rxe8 Bxe8 25.Rd1 Bd7 26.a4 Rc3 27.Bd5 Kf8 ) 24.Rxe8 Bxe8 25.Re1 {although the French GM was not optimistic about his chances here neither.} ) 22.gxh5 gxh5 ( {Only here did Black realize that his active idea} 22...Re5 23.hxg6 Rg5+ 24.Kh2 Bxh3 {will be refuted with the zwischenzug} 25.f4 $1 {For example} ( 25.Kxh3 $4 Rh8# ) 25...Rh5 26.Kg3 fxg6 27.Bf3 {and White wins.} ) 23.h4 $1 {Fixes the pawn on a light square. The rest was easy for Mamedyarov.} 23...Rac8 24.Bf3 Rxe1+ 25.Rxe1 Kf6 ( {The passive defense will not help-} 25...Kg6 26.Kh2 {followed by Kh2-g3-h4 and then say Re1-g1-g5 would be soon over.} ) 26.d6 ( {Not the immediate} 26.Bxh5 Rh8 ) 26...b6 27.Re7 Rd8 28.Bxh5 Be6 29.Rxa7 Rxd6 30.Kg2 Rd8 31.Bf3 Ke5 32.Ra4 1-0

[Event "51st GM 2018"]
[Site "Biel SUI"]
[Date "2018.07.26"]
[Round "5.3"]
[White "Vachier Lagrave, Maxime"]
[Black "Georgiadis, Nico"]
[Result "1-0"]
[WhiteElo "2779"]
[BlackElo "2526"]
[EventDate "2018.07.22"]
[Annotator "Bojkov,Dejan"]
[PlyCount "73"]
[Beauty "7902874045447"]
[EventType "swiss"]
[EventRounds "10"]
[EventCountry "SUI"]

1.c4 Nf6 2.Nc3 e6 3.e4 d5 4.e5 d4 5.exf6 dxc3 6.bxc3 Qxf6 7.Nf3 Nc6 8.d4 e5 9.Be2 exd4 10.Bg5 Qg6 11.O-O Be7 ( {According to Vachier-Lagrave} 11...dxc3 {which happened in a recent game is more interesting, for example} 12.Bd3 Qd6 13.Re1+ Be7 {as in Dubov,D (2701)-Nakamura,H (2787) Moscow 2018. "But it is a draw," added the Frenchman.} ) 12.Bd3 {A novelty, which improves on an earlier game.} ( {After} 12.Bxe7 Nxe7 13.cxd4 O-O 14.Bd3 Qf6 15.Qc2 h6 16.Rab1 {White also got a better position in Foglieni,M (2021) -Fantinel,T (2429) Bratto 2016} ) 12...Qd6 ( 12...Qh5 {"is too dangerous for Black" (MVL). The French GM continued the line with} 13.Bxe7 Nxe7 14.Re1 {but was not exactly sure what he would do after} 14...dxc3 {Most likely it would be:} 15.Qa4+ ( 15.Rb1 $5 ) 15...Bd7 16.Qb4 Be6 17.Re5 Qh6 18.Qb5+ c6 19.Qxb7 {with strong initiative.} ) 13.Bxe7 Nxe7 ( {White seriously considered the odd-looking} 13...Kxe7 14.Re1+ Be6 {when} 15.c5 $1 {is strong:} 15...Qxc5 16.cxd4 Nxd4 17.Rc1 {For example} 17...Nxf3+ 18.Qxf3 Qd6 19.Qxb7 Rhc8 20.Qe4 g6 21.Rc6 Qd7 22.Qb4+ Kf6 23.Qc3+ Ke7 24.Bb5 $1 {and White wins.} ) 14.cxd4 O-O 15.Re1 {"This is just slightly better for White, a very unpleasant position." (MVL)} 15...b6 ( {On} 15...Bf5 16.c5 Qd8 ( {Not} 16...Qd7 $2 17.Rxe7 ) ( {But Vachier-Lagrave considered seriously the pawn sacrifice} 16...Qf6 17.Rxe7 ( {Now} 17.Ne5 {does not yield White much after} 17...Rad8 18.Bc4 Ng6 ) 17...Bxd3 18.Rxc7 Be4 19.Ne5 {White is a pawn up, but a strong bishop can sometimes compensate for it.} ( {Georgiadis also calculated this line, but missed the little tactics} 19.d5 $2 Bxd5 {from afar.} 20.Qxd5 $4 Qxa1+ ) ) 17.Bc4 {White preserves the advantage.} ) 16.c5 Qf6 ( 16...bxc5 {"is a more serious try" (MVL) when} 17.dxc5 Qxc5 {Here} 18.Re5 {was the forcing line that Vachier-Lagrave considered seriously, but at the end of it} ( {Georgiades apparently wanted to avoid the endgame after} 18.Rc1 Qd6 19.Bxh7+ Kxh7 20.Qxd6 cxd6 21.Rxe7 Kg6 {The less pieces (and pawns) the higher the drawing chances in my opinion, but apparently Black did not like to defend this.} ) 18...Qd6 19.Be4 Ng6 20.Rb5 Qxd1+ 21.Rxd1 {The rook is trapped and} 21...Ba6 22.Ra5 {is a double attack, but Black has a defense:} 22...Rad8 ( {Or even} 22...Be2 23.Re1 Bxf3 24.Bxf3 Rae8 25.Rxe8 Rxe8 26.g3 {although this is definitely big advantage for White thanks to the better minor piece.} ) ) 17.Be4 c6 {A blunder, although the alternative wasn't much better.} ( {If} 17...Rb8 18.Ne5 ( {Or} 18.Qa4 ) ) 18.cxb6 axb6 19.Qb1 {The double attack nets White a pawn.} 19...Bf5 20.Qxb6 Bxe4 21.Rxe4 Qd6 {A good decision according to Vachier-Lagrave.} ( {On} 21...Nd5 {White intended to consolidate with} 22.Qc5 Rfb8 ( {There is also the cute line} 22...Qg6 23.Rae1 Rxa2 24.Qxf8+ Kxf8 25.Re8# {(MVL)} ) 23.Qc2 ) 22.Qc5 Qxc5 23.dxc5 Nd5 {Next White consolidates his position.} 24.a4 g6 25.g3 Rfb8 26.Rc4 Ra6 27.Nd4 Rb2 28.Ra3 Kg7 29.Rd3 Ne7 ( 29...Nf6 {was mandatory according to White when} 30.Rb3 Ra2 31.Rb7 R2xa4 {loses to} ( 31...Kg8 {is not completely clear.} ) 32.Rxa4 Rxa4 33.Ne6+ {(MVL)} ) 30.Nf3 Nd5 ( {If} 30...Ra2 31.Rd7 ) ( {However} 30...Ra7 {was a decent defensive try when} 31.Ne5 Ra2 32.Rd6 ( {Therefore White needs to play for a win with something like} 32.Rdd4 ) 32...R2xa4 33.Rxa4 Rxa4 34.Nxc6 Nxc6 35.Rxc6 {should be a draw.} ) 31.Ne5 Rb4 ( {Here} 31...Nf6 {is met with} 32.Rd6 ) 32.Rxb4 Nxb4 33.Rd7 Kg8 ( {If} 33...Kf6 34.Nxf7 Rxa4 35.Nd8 {an White gets closer.} ) 34.Nxf7 Ra5 ( {White should also win after} 34...Rxa4 35.Ng5 h6 36.Nf7 h5 37.Ng5 Ra1+ 38.Kg2 Rc1 39.Ne6 ) 35.Ng5 Rxc5 $2 {This hangs a rook but the position was lost anyway.} ( 35...Rxa4 36.Rxh7 {also wins.} ) 36.Rd8+ Kg7 37.Ne6+ 1-0

[Event "51st GM 2018"]
[Site "Biel SUI"]
[Date "2018.07.27"]
[Round "6.3"]
[White "Svidler, Peter"]
[Black "Vachier Lagrave, Maxime"]
[Result "0-1"]
[WhiteElo "2753"]
[BlackElo "2779"]
[EventDate "2018.07.22"]
[Annotator "Bojkov,Dejan"]
[PlyCount "62"]
[Beauty "8250632175625"]
[EventType "swiss"]
[EventRounds "10"]
[EventCountry "SUI"]

1.c4 c5 2.Nf3 Nf6 3.Nc3 d5 4.cxd5 Nxd5 5.e4 Nb4 6.Bc4 Nd3+ 7.Ke2 Nf4+ 8.Kf1 Ne6 9.d3 ( {Both games in Georgia went} 9.h4 {One of them was decisive for the match and continued} 9...Nd4 10.d3 e6 11.Bf4 a6 12.Nxd4 cxd4 13.Ne2 Nc6 14.a3 Bd6 15.Bxd6 Qxd6 16.Qd2 Bd7 17.f4 e5 18.f5 g6 {as was annotated here on Chess. com; Svidler,P (2751)-Vachier Lagrave,M (2804) Tbilisi 2017} ) 9...Nc6 ( {According to Svidler there is nothing wrong with} 9...g6 10.h4 h5 {The Russian GM in fact was astonished that his opponent never used the idea in none of their three games.} ) 10.h4 g6 11.h5 ( {A predecessor saw:} 11.Be3 Ned4 12.Nd5 Bg7 13.Nxd4 Bxd4 14.h5 Bxe3 15.Nxe3 g5 {Krassowizkij,J (2452) -Clitan,Z (2115) Ditzingen 2017} ) 11...Bg7 12.Be3 ( {In the press conference players briefly discusses another way to improve, the clever} 12.Qd2 $1 {The idea is to trade everything along the h-file and sneak into the black camp via the h6 square. After} 12...Ne5 ( {Perhaps Black needs to proceed with the development with} 12...Bd7 13.hxg6 {and agree to worsen his pawn structure} 13...fxg6 ( {As} 13...hxg6 $6 14.Rxh8+ Bxh8 15.Qh6 Bg7 16.Qh7 {is excellent for the first player.} ) ) 13.Nxe5 ( {Or the immediate} 13.hxg6 ) 13...Bxe5 14.hxg6 hxg6 15.Rxh8+ Bxh8 16.Qh6 Bg7 17.Qh7 {the plan is fulfilled and White is definitely better.} ) ( {White avoided the natural-looking} 12.h6 Bd4 13.Nxd4 Nexd4 {"which only developes the black pieces" (Svidler)} ) ( {Also interesting was} 12.Nd5 $5 Ned4 13.h6 Be5 14.Nxe5 Nxe5 15.Bf4 {which they both liked a lot for White, although things might not be that clear after} 15...f6 ) 12...Ned4 13.h6 ( {Nothing yields} 13.Nb5 Nxf3 14.Qxf3 Ne5 ) 13...Bf6 14.Nd5 Bg4 15.Nxf6+ exf6 16.Bxd4 Nxd4 ( {Both players saw the tricky:} 16...Bxf3 17.Bxf7+ $1 Kxf7 18.Qb3+ Ke8 {when Vachier-Lagrave believed that best is:} 19.Qe6+ $1 ( {Whereas Svidler was tempted by} 19.Bxc5 Bg4 20.Qxb7 Bd7 {although it seems as Black can hold his position together in this line.} ) 19...Qe7 20.Qxe7+ Nxe7 21.Bxf6 Rf8 22.Bxe7 Kxe7 23.gxf3 Rxf3 {with winning chances for White.} ) 17.Qa4+ Qd7 ( {Black did not want to play the position after} 17...Bd7 18.Qa3 Qe7 ( {Although MVL was seriously investigating the line} 18...b5 19.Bd5 $1 ( 19.Nxd4 bxc4 {seems to work well for Black.} ) 19...b4 20.Qa6 Bb5 {Hoping to trap the white queen. Unfortunately for him} 21.Qb7 {creates a double threat and} 21...Bxd3+ {can be met with the key move} 22.Ke1 $1 {Prevents the trade of the queens and wins material for White after say} ( {Worse is} 22.Kg1 Ne2+ 23.Kh2 Qb8+ {and Black saves everything.} ) 22...O-O 23.Nxd4 cxd4 24.Qxa8 {and White should win.} ) 19.Nxd4 cxd4 20.Qb3 {With the queens on, White should be better.} ) ( {Svidler expected} 17...Ke7 18.Nxd4 Qxd4 19.Qb3 {but Vachier-Lagrave calculated that he will lose a pawn after} 19...Rab8 ( {It seems as Svidler's intuition was correct though as Black has the strong resource} 19...b5 $1 {When White cannot capture anything:} 20.Bxf7 $2 {drops a piece to} ( 20.Qxb5 $2 {leads to decisive attack for Black after} 20...Rhb8 21.Qc6 Rxb2 ) ( {And} 20.Bxb5 a6 21.Bc4 Rhb8 22.Qc3 Rxb2 23.Qxd4 cxd4 {regains the pawn with advantage for Black.} ) ( {Best would be} 20.Bd5 Be6 21.Bxe6 fxe6 {with equality as} 22.Qxb5 $2 Rhb8 {does not work again.} ) 20...c4 ) 20.Bxf7 Rhd8 21.Bd5 {and dismissed the line.} ) 18.Qxd7+ Bxd7 19.Nxd4 cxd4 20.e5 ( {Correct was} 20.Ke2 Ke7 21.Rhc1 Rhc8 22.Bd5 ( 22.a4 f5 ) 22...Be6 {(MVL, Svidler) with a likely draw.} ) 20...fxe5 21.Re1 f6 22.f4 Rf8 23.Kg1 Ke7 24.fxe5 f5 25.Rh4 f4 ( {White was hoping to torture his opponent in the line:} 25...Be6 26.Bxe6 Kxe6 27.Rxd4 Rfd8 ) 26.Re4 g5 27.Rh5 ( 27.Rh1 Rf5 28.Kf2 Bc6 {is clearly better for Black.} ) 27...Rf5 {Missed by Svidler. Now he thought for about twenty minutes in order to repair the damage. However...} 28.g4 ( {Perhaps White should have tried} 28.Rxd4 Rxe5 29.Rd5 Rxd5 30.Bxd5 Kf6 31.Bxb7 Rb8 32.Be4 Bf5 {although Black's edge is indisputable here.} ) 28...fxg3 29.Rg4 Raf8 30.Rhxg5 {Svidler realized that he had missed something else, a mate...} ( {From afar the Russian GM thought that he forces a draw with} 30.Rgxg5 Rf1+ 31.Kg2 {but spotted at the last moment that} 31...R1f2+ $1 {is a forced mate-} 32.Kxg3 ( 32.Kg1 Bc6 $1 33.Rxg3 Rf1+ 34.Kh2 Rh1# ) 32...R8f3+ 33.Kh4 Rh3# ) ( {Neither does} 30.Rxg3 {help after} 30...Bc6 31.Rgxg5 Rf1+ 32.Kh2 R8f2+ 33.Kg3 ( {Or} 33.Kh3 Rh1+ 34.Kg3 Rg2+ 35.Kf4 Rf1# ) 33...Rg2+ 34.Kh4 Rh1# ) 30...Rf1+ 31.Kg2 Bc6+ ( {White resigned due to} 31...Bc6+ 32.Kxg3 Rg1+ ( 32...R8f3+ {would also do as White needs to part with the rook in order to avoid mate:} 33.Kh2 R3f2+ 34.Kh3 ( 34.Rg2 ) 34...Rh1+ 35.Kg3 Rg2+ 36.Kf4 Rf1# ) 33.Kh2 Rh1+ 34.Kg3 Rf3+ 35.Kg2 Rxd3+ 36.Kf2 {And now the rook returns to f3 with the following maneuver:} 36...Rd2+ 37.Kg3 Rg2+ 38.Kf4 Rf2+ 39.Kg3 Rf3+ {to win the bishop as well.} 40.Kg2 Rc3+ ) 0-1

[Event "46th GM 2018"]
[Site "Dortmund GER"]
[Date "2018.07.15"]
[Round "2.4"]
[White "Nisipeanu, Liviu Dieter"]
[Black "Duda, Jan Krzysztof"]
[Result "0-1"]
[WhiteElo "2672"]
[BlackElo "2737"]
[EventDate "2018.07.14"]
[Annotator "Bojkov,Dejan"]
[PlyCount "70"]
[Beauty "7976156922377"]
[EventType "swiss"]
[EventRounds "7"]
[EventCountry "GER"]

1.e4 c5 2.Nf3 d6 3.Bb5+ {According to my Megabase, this is the first time that Nisipeanu uses the Moscow line.} 3...Bd7 {The most solid choice.} ( {Perhaps Nisipeanu spent the major part of his preparation on} 3...Nd7 {which is what the Polish GM used in his latest games.} ) 4.Bxd7+ Qxd7 5.O-O Nf6 6.Re1 ( {Duda faced previously} 6.Qe2 Nc6 7.c3 e6 8.d4 cxd4 9.cxd4 d5 10.e5 Ne4 11.Be3 Be7 12.Ne1 f6 13.f3 Ng5 14.Nd3 Nf7 15.f4 O-O 16.Nd2 Rac8 {Zawadzka,J (2391)-Duda,J (2539) Lublin 2013} ) 6...Nc6 7.c3 e6 8.d4 cxd4 9.cxd4 d5 {Getting into a French type of position but without the potentially bad bishop on c8. White, on his turn,is enjoying extra space.} 10.e5 Ng8 ( {The knight can be posted more actively as well:} 10...Ne4 11.Nbd2 Nxd2 12.Bxd2 Be7 13.Rc1 O-O 14.Rc3 Rfc8 15.h4 Bd8 {as in the recent game Nakamura,H (2769) -Grischuk,A (2766) Paris 2018} ) 11.a3 Nge7 12.Nc3 h5 {An important move which secures control on some valuable outposts.} ( 12...Nf5 13.g4 $5 ) 13.Bg5 Nf5 14.Rc1 {Occupying the open file and thus producing a novelty.} 14...Be7 {Equalizing in full.} 15.Bxe7 Qxe7 16.Qd3 {With the threat Nc3xd5.} ( {The other idea was} 16.Ne2 O-O-O 17.b4 Kb8 18.Qd2 Qd7 19.b5 Nce7 {when Black is also OK.} ) 16...O-O-O {The king is relatively safe on the queenside. At the same time Black is ready to push his g-pawn asap.} ( 16...O-O $2 {allows the trick} 17.Nxd5 ) ( {Whereas} 16...g6 17.b4 {is playable but does not offer too many prospects to Black.} 17...O-O 18.Ne2 Rac8 {with approximate equality in Lagerman,R (2354) -Gunnarsson,J (2437) Reykjavik 2008} ) 17.Na4 Kb8 18.Nc5 ( {It was not too late for} 18.b4 $1 {with the idea to meet} 18...g5 {with} ( 18...Rc8 {is equal. and now either} 19.b5 ( {or} 19.Nc5 g5 20.b5 Na5 21.Nd2 ) 19...Na5 {In both cases White chases away one of the black knights from the center and the game will remain balanced.} ) 19.b5 Na5 20.b6 a6 21.Rc7 Rd7 22.Rec1 Nc4 23.Nc5 $1 {with advantage for White. For example:} 23...Rxc7 24.bxc7+ Kxc7 ( 24...Qxc7 25.Rb1 ) 25.Nd2 Nxd2 ( 25...b5 26.Nxa6+ ) 26.Qxd2 Kb8 27.Rb1 ) 18...g5 19.Rc3 {Nisipeanu must have miscalculated somewhere.} ( {This was the last moment to go for} 19.b4 g4 20.b5 Na5 ( {There is no} 20...gxf3 $2 21.bxc6 b6 ( 21...bxc6 22.Rb1+ Ka8 23.Rb7 ) 22.c7+ $1 ) 21.Nd2 {Black is good, but White has not much to complain of neither.} ) 19...g4 {Snatching the most important central pawn.} 20.Nd2 Ncxd4 21.Rec1 Rc8 ( 21...h4 22.Ndb3 Nxb3 23.Nxb3 Rc8 {was also possible.} ) 22.Nf1 Rc6 ( {On} 22...h4 23.Ne3 ) 23.Ng3 Ka8 $1 ( {Avoiding any discovered attack tricks like} 23...Rhc8 24.Nxf5 Nxf5 25.Na6+ ) 24.Nxf5 Nxf5 25.b4 ( {More stubborn was} 25.Nb3 Rxc3 26.Qxc3 {at least holding the open c-file in control.} ) 25...Rhc8 26.a4 b6 27.Nb3 Rxc3 {Simple play. Duda will either win the open file or trade all the major pieces, which is equally good for him.} 28.Rxc3 Rxc3 29.Qxc3 Kb7 30.a5 ( {The most resilient} 30.b5 Qc7 31.Qxc7+ Kxc7 32.Kf1 Kd7 {should also lose slowly for White.} ) 30...Qd7 $1 ( {Avoiding even the slightest glimpse of hope after} 30...Qc7 31.a6+ Kb8 32.Qxc7+ Kxc7 33.b5 {when the black queenside pawns are vulnerable.} ) 31.Nd4 Nxd4 32.Qxd4 {Either the queens will be traded after} 32...Qc7 33.g3 Qc1+ 34.Kg2 Qc4 {or the Black pawns will come into motion in case of} 35.Qb2 d4 0-1